| 000 | 00781nam a2200205Ii 4500 | ||
|---|---|---|---|
| 003 | JO-AjNU | ||
| 008 | 230605s9999||||xx |||||||||||||| ||und|| | ||
| 040 |
_aJO-AjNU _bara _erda _cJO-AjNU |
||
| 041 | _aara | ||
| 050 | 1 | 4 | _aK1005 1975 |
| 100 | 3 |
_aإشراف منيب، مصطفى كامل, _eauthor _946696 |
|
| 245 | 0 | 0 | _aقوانين التجارة: قانون التجارة: قانون التجارة البحري |
| 264 | 3 | 1 | _aالقاهرة: دار الفكر العربي، 1975 |
| 300 | _a187ص | ||
| 336 |
_atext _btxt _2rdacontent |
||
| 337 |
_aunmediated _bn _2rdamedia |
||
| 338 |
_avolume _bnc _2rdacarrier |
||
| 490 | 0 | _aمجموعة القوانين المصرية | |
| 650 | 4 |
_aقانون التجارة البحري المصري - قانون تجاري _946697 |
|
| 999 |
_aA20334 _c23902 _d23902 |
||